| 000 | 00661naa a2200157 i 4500 | ||
|---|---|---|---|
| 001 | 9912 | ||
| 003 | KOSZ 005 | ||
| 005 | 20180411144156.0 | ||
| 008 | 180411s1981 pl f f |000 0 pol | ||
| 040 |
_cKOSZ 005/HR _aKOSZ 005/HR |
||
| 100 | 1 |
_aCHARUN, Henryk. _d1978-1982. _bWyższa Szkoła Inżynierska - Instytut Budowy Maszyn |
|
| 245 | 1 | 0 |
_aAnaliza techniczna gazów / _cHenryk Charun. |
| 650 | 0 | _aTermodynamika techniczna. | |
| 773 | 0 |
_iW : _tMateriały pomocnicze do ćwiczeń laboratoryjnych z podstaw techniki cieplnej / pod red. Mariana Czapp. - _dKoszalin : Wydaw. Uczelniane Wyższej Szkoły Inżynierskiej, 1981. - _gs. 234-287 |
|
| 942 |
_cROZ _2UKD |
||
| 999 |
_c9912 _d9912 |
||